USA Urban Areas - Statistiken

Allgemein
  • Dieses Quiz wurde 47 mal gespielt
  • Das Durchschnittsergebnis liegt bei 27 aus 47
Antwortstatistiken
Einwohner Staat Urban Area % Korrekt
19,50 Mio. NY New York City
100%
5,73 Mio. TX Dallas
97%
12,24 Mio. CA Los Angeles
97%
6,08 Mio. FL Miami
95%
8,67 Mio. IL Chicago
87%
3,27 Mio. CA San Francisco
87%
5,85 Mio. TX Houston
85%
5,17 Mio. DC Washington
85%
2,69 Mio. CO Denver
82%
3,54 Mio. WA Seattle
82%
5,00 Mio. GA Atlanta
79%
5,70 Mio. PA Philadelphia
79%
4,38 Mio. MA Boston
77%
2,20 Mio. NV Las Vegas
74%
3,98 Mio. AZ Phoenix
74%
3,78 Mio. MI Detroit
72%
1,81 Mio. TX Austin
69%
3,07 Mio. CA San Diego
69%
2,91 Mio. MN Minneapolis
59%
1,67 Mio. MO Kansas City
56%
1,85 Mio. FL Orlando
56%
2,78 Mio. FL Tampa - St. Petersburg
56%
1,25 Mio. FL Jacksonville
54%
2,10 Mio. OR Portland
54%
1,95 Mio. CA Sacramento
54%
1,99 Mio. TX San Antonio
54%
0,98 Mio. OK Oklahoma City
49%
1,16 Mio. TN Nashville
46%
1,84 Mio. CA San Jose
46%
2,21 Mio. MD Baltimore
44%
1,70 Mio. IN Indianapolis
44%
1,06 Mio. TN Memphis
44%
1,75 Mio. PA Pittsburgh
44%
1,68 Mio. OH Cincinnati
41%
1,18 Mio. UT Salt Lake City
41%
1,71 Mio. OH Cleveland
38%
1,31 Mio. WI Milwaukee
38%
2,16 Mio. MO St. Louis
38%
1,38 Mio. NC Charlotte
36%
1,57 Mio. OH Columbus
33%
0,97 Mio. KY Louisville
33%
1,11 Mio. NC Raleigh
28%
1,06 Mio. VA Richmond
26%
1,45 Mio. VA Virginia Beach - Norfolk
26%
0,98 Mio. CT Hartford
15%
1,29 Mio. RI Providence
15%
2,28 Mio. CA Riverside - San Bernardino
15%
Keine übereinstimmenden Quizze gefunden
Verteilung der Resultate
Anzahl Personen mit jedem Resultat
Perzentil nach korrekt beantworteten Fragen
Ihre Resultats-Entwicklung
Sie haben dieses Quiz noch nicht gespielt